Sports Quiz

Random Sports or NFL Quiz

2009-2010 NFL Starting quarterbacks Quiz Stats

 Plays Quiz not verified by Sporcle

Also try: NFL Stadiums
Challenge
Share
Tweet
Embed
Score 0/32 Timer 05:00
0 Plays Today
% Correct
Peyton Manning
99.5%
Tom Brady
98.9%
Brett Favre
97.3%
Tony Romo
97%
Donovan McNabb
97%
Mark Sanchez
96.7%
Drew Brees
96.2%
Eli Manning
95.9%
Kurt Warner
95.9%
Carson Palmer
94.8%
Matt Ryan
94.8%
Philip Rivers
94.6%
Aaron Rodgers
94.3%
Joe Flacco
93.5%
Ben Roethlisberger
93.5%
Jay Cutler
92.9%
% Correct
Matthew Stafford
91.6%
Jake Delhomme
91.6%
Matt Hasselbeck
91.3%
Chad Pennington
90.8%
Kyle Orton
90.8%
JaMarcus Russell
89.9%
Brady Quinn
89.4%
Matt Schaub
89.4%
Jason Campbell
89.4%
Kerry Collins
88.3%
David Garrard
87.8%
Matt Cassel
87%
Marc Bulger
84.8%
Trent Edwards
82.3%
Shaun Hill
63%
Byron Leftwich
54.1%

You're not logged in!

Compare scores with friends on all Sporcle quizzes.
Join for Free
OR
Log In

You Might Also Like...

Show Comments

Extras

Top Quizzes Today


Score Distribution

Your Account Isn't Verified!

In order to create a playlist on Sporcle, you need to verify the email address you used during registration. Go to your Sporcle Settings to finish the process.

Report this User

Report this user for behavior that violates our Community Guidelines.

Details: